Southville International School and Colleges
Your cart is empty.
  • Cart
  • Lists
    Public lists Eva Luna New books Lux_list list_1
    Your lists Log in to create your own lists
  • Log in to your account
  • Your cookies
  • Search history
Southville International School and Colleges
  • Advanced search
  • Recent comments
  • Most popular
  • Libraries

Log in to your account

Log in with GOOGLE


If you do not have an external account, but do have a local account, you can still log in:

  1. Home
  2. MARC view: The chronicles of Narnia :
Normal view MARC view ISBD view

The chronicles of Narnia : (Record no. 109260)

[ view plain ]
MARC details
000 -LEADER
fixed length control field 00642nam a2200181 a 4500
005 - DATE AND TIME OF LATEST TRANSACTION
control field 20140414093840.0
008 - FIXED-LENGTH DATA ELEMENTS--GENERAL INFORMATION
fixed length control field 071008s19uu xx 00 eng d
050 ## - LIBRARY OF CONGRESS CALL NUMBER
Classification number DVD 791.43
Item number LEW 1990
100 ## - MAIN ENTRY--PERSONAL NAME
Personal name Lewis C.S.
245 ## - TITLE STATEMENT
Title The chronicles of Narnia :
Remainder of title video collection /
Statement of responsibility, etc C.S. Lewis.
260 ## - PUBLICATION, DISTRIBUTION, ETC. (IMPRINT)
Place of publication, distribution, etc United Kingdom:
Name of publisher, distributor, etc British Broadcasting Corporation,
Date of publication, distribution, etc c1990.
300 ## - PHYSICAL DESCRIPTION
Extent 3 DVDs,
500 ## - GENERAL NOTE
General note [The Classic Edition]
520 ## - SUMMARY, ETC.
Summary, etc Contents: 1. The lion the witch and the wardrobe.-- 2. The Prince Caspian and the voyage of the dawn treader.-- 3. The silver chair.
650 ## - SUBJECT ADDED ENTRY--TOPICAL TERM
Topical term or geographic name as entry element Film adaptations.
942 ## - ADDED ENTRY ELEMENTS (KOHA)
Koha item type Audio Visual Materials
Holdings
Withdrawn status Lost status Damaged status Use restrictions Home library Current library Shelving location Date acquired Source of acquisition Total Checkouts Full call number Barcode Date last seen Price effective from Koha item type
        Luxembourg Library Luxembourg Library Audio Visual Material Section 10/08/2007     DVD 791.43 LEW 1990 AV0894 04/14/2014 04/14/2014 Audio Visual Materials

The chronicles of Narnia :

APA

Lewis C.S, . (1990). The chronicles of Narnia. United Kingdom: British Broadcasting Corporation.

Chicago

Lewis C.S, . 1990. The chronicles of Narnia. United Kingdom: British Broadcasting Corporation.

Harvard

Lewis C.S, . (1990). The chronicles of Narnia. United Kingdom: British Broadcasting Corporation.

MLA

Lewis C.S, . The chronicles of Narnia. United Kingdom: British Broadcasting Corporation. 1990.

  • Place hold
  • Print
  • Cite
  • Add to your cart (remove)
  • Save record
    BIBTEX Dublin Core MARCXML MARC (non-Unicode/MARC-8) MARC (Unicode/UTF-8) MARC (Unicode/UTF-8, Standard) MODS (XML) RIS
  • More searches
    Search for this title in:
    Other Libraries (WorldCat) Other Databases (Google Scholar) Online Stores (Bookfinder.com) Open Library (openlibrary.org)

Exporting to Dublin Core...

SOUTHVILLE LIBRARY

Southville International School and Colleges Library

1281 Tropical Ave. Cor. Luxembourg St., BF Homes International, Las Pinas City

Tel. No. 8256374 / 252358 Loc. 117/146

Powered by Koha